[Event "XIX Najdorf Memorial 2019"]
[Site "Warsaw"]
[Date "2019.07.07"]
[Round "2.10"]
[White "Sliwerski, Radoslaw"]
[Black "Nguyen, Piotr"]
[Result "0-1"]
[WhiteElo "2010"]
[BlackElo "2420"]
[Annotator "NA"]
[PlyCount "76"]
[EventDate "2019.07.06"]
[EventType "swiss"]
[EventCountry "POL"]
[SourceTitle "playchess.com"]
[Source "ChessBase"]
[SourceQuality "1"]
[TimeControl "40/5400+30:1800+30"]

1. d4 {[%emt 0:00:00]} Nf6 {[%emt 0:02:51]} 2. c4 {[%emt 0:02:13]} g6 {[%emt 0:00:16]} 3. g3 {[%emt 0:00:04]} Bg7 {[%emt 0:00:05]} 4. Bg2 {[%emt 0:00:04]} O-O {[%emt 0:00:12]} 5. Nf3 {[%emt 0:00:19]} d6 {[%emt 0:00:31]} 6. O-O {[%emt 0:00:08]} Nc6 {[%emt 0:00:12]} 7. Nc3 {[%emt 0:00:06]} a6 {[%emt 0:00:12]} 8. h3 {[%emt 0:00:17]} Rb8 {[%emt 0:01:46]} 9. e4 {[%emt 0:00:03]} b5 {[%emt 0:00:19]} 10. e5 {[%emt 0:00:28]} dxe5 {[%emt 0:03:41]} 11. dxe5 {[%emt 0:00:02]} Nd7 {[%emt 0:00:12]} 12. e6 {[%emt 0:00:24]} fxe6 {[%emt 0:01:02]} 13. cxb5 {[%emt 0:00:03]} axb5 {[%emt 0:00:26]} 14. Ng5 {[%emt 0:04:11]} Nd4 {[%emt 0:07:09]} 15. Be3 {[%emt 0:05:25]} Nc5 {[%emt 0:08:35]} 16. Rc1 {[%emt 0:16:58]} e5 {[%emt 0:06:38]} 17. b4 {[%emt 0:24:04]} Na6 {[%emt 0:10:19]} 18. a3 {[%emt 0:11:49]} c5 {[%emt 0:10:29]} 19. bxc5 {[%emt 0:04:46]} Nxc5 {[%emt 0:00:10]} 20. Nd5 {[%emt 0:05:09]} Qd6 {[%emt 0:07:19]} 21. Re1 {[%emt 0:01:41]} e6 {[%emt 0:02:46]} 22. Nb4 {[%emt 0:06:03]} h6 {[%emt 0:12:10]} 23. Ne4 {[%emt 0:00:34]} Nxe4 {[%emt 0:00:05]} 24. Bxe4 {[%emt 0:00:12]} Bb7 {[%emt 0:00:15]} 25. Nc6 {[%emt 0:04:57]} Rbc8 {[%emt 0:06:30]} 26. Nxd4 {[%emt 0:02:40]} Rxc1 {[%emt 0:04:17]} 27. Qxc1 {[%emt 0:00:08]} Bxe4 {[%emt 0:01:43]} 28. Nxb5 {[%emt 0:00:40]} Qd3 {[%emt 0:00:59]} 29. a4 {[%emt 0:01:08]} Bb7 {[%emt 0:02:59]} 30. Kh2 {[%emt 0:03:24]} Qe4 {[%emt 0:06:23]} 31. Rg1 {[%emt 0:00:09]} Qxa4 {[%emt 0:00:05]} 32. Nd6 {[%emt 0:01:21]} Bd5 {[%emt 0:00:57]} 33. Qc7 {[%emt 0:00:48]} Qa2 {[%emt 0:02:10]} 34. Qa7 {[%emt 0:00:26]} Qe2 {[%emt 0:00:34]} 35. Qc5 {[%emt 0:00:51]} Rf3 {[%emt 0:01:30]} 36. Qc8+ {[%emt 0:02:45]} Rf8 {[%emt 0:00:11]} 37. Qc5 {[%emt 0:00:05]} Rf3 {[%emt 0:00:03]} 38. Qc8+ {[%emt 0:00:02]} Bf8 0-1

[Event "XIX Najdorf Memorial 2019"]
[Site "Warsaw"]
[Date "2019.07.07"]
[Round "2.11"]
[White "Jakubowski, Krzysztof"]
[Black "Paszewski, Mateusz"]
[Result "1-0"]
[WhiteElo "2528"]
[BlackElo "2324"]
[Annotator "ChessBase"]
[PlyCount "71"]
[EventDate "2019.07.06"]
[EventType "swiss"]
[EventCountry "POL"]
[SourceTitle "playchess.com"]
[Source "ChessBase"]
[SourceQuality "1"]
[TimeControl "40/5400+30:1800+30"]

1. Nf3 {[%emt 0:00:00]} d5 {[%emt 0:06:05]} 2. b3 {[%emt 0:00:00]} Bg4 {[%emt 0:00:07]} 3. e3 {[%emt 0:00:00]} Nf6 {[%emt 0:01:44]} 4. Bb2 {[%emt 0:00:11]} Nbd7 {[%emt 0:00:37]} 5. h3 {[%emt 0:01:37]} Bh5 {[%emt 0:01:09]} 6. d3 {[%emt 0:05:58]} e6 {[%emt 0:00:53]} 7. Be2 {[%emt 0:03:08]} h6 {[%emt 0:07:48]} 8. Nbd2 {[%emt 0:04:32]} Bg6 {[%emt 0:13:06]} 9. O-O {[%emt 0:08:44]} Bd6 {[%emt 0:02:03]} 10. e4 {[%emt 0:03:49]} dxe4 {[%emt 0:07:11]} 11. dxe4 {[%emt 0:00:11]} Nxe4 {[%emt 0:00:25]} 12. Bxg7 {[%emt 0:01:02]} Rg8 {[%emt 0:00:46]} 13. Bb2 {[%emt 0:02:16]} Nxd2 {[%emt 0:04:10]} 14. Qxd2 {[%emt 0:00:34]} Qe7 {[%emt 0:00:56]} 15. Qxh6 {[%emt 0:03:03]} Bxc2 {[%emt 0:05:35]} 16. Qe3 {[%emt 0:06:32]} Nb6 {[%emt 0:10:37]} 17. Nd4 {[%emt 0:04:04]} Bh7 {[%emt 0:08:58]} 18. Bb5+ {[%emt 0:09:17]} Nd7 {[%emt 0:06:28]} 19. Bxd7+ {[%emt 0:08:43]} Qxd7 {[%emt 0:00:48]} 20. Nf3 {[%emt 0:00:12]} O-O-O {[%emt 0:04:51]} 21. Bf6 {[%emt 0:00:23]} Rde8 {[%emt 0:00:36]} 22. Ne5 {[%emt 0:04:38]} Bxe5 {[%emt 0:07:10]} 23. Bxe5 {[%emt 0:00:14]} Kb8 {[%emt 0:00:02]} 24. Rac1 {[%emt 0:01:47]} Rc8 {[%emt 0:00:08]} 25. Rfd1 {[%emt 0:08:24]} Qe7 {[%emt 0:00:57]} 26. Qd4 {[%emt 0:02:01]} Qg5 {[%emt 0:06:42]} 27. g3 {[%emt 0:04:11]} b6 {[%emt 0:00:36]} 28. Rc6 {[%emt 0:05:24]} Qf5 {[%emt 0:01:26]} 29. Rxb6+ {[%emt 0:02:10]} axb6 {[%emt 0:00:11]} 30. Qxb6+ {[%emt 0:00:05]} Ka8 {[%emt 0:00:03]} 31. Qa6+ {[%emt 0:02:03]} Kb8 {[%emt 0:00:01]} 32. Qb6+ {[%emt 0:00:06]} Ka8 {[%emt 0:00:01]} 33. Qc6+ {[%emt 0:00:04]} Kb8 {[%emt 0:00:35]} 34. Rd4 {[%emt 0:00:38]} Qb1+ {[%emt 0:00:17]} 35. Kh2 {[%emt 0:00:06]} Qe1 {[%emt 0:00:16]} 36. Qb6+ {[%emt 0:00:07]} 1-0

[Event "XIX Najdorf Memorial 2019"]
[Site "Warsaw"]
[Date "2019.07.07"]
[Round "2.11"]
[White "Menezes, Christoph"]
[Black "Goslawski, Michal"]
[Result "0-1"]
[WhiteElo "2413"]
[BlackElo "2091"]
[Annotator "NA"]
[PlyCount "130"]
[EventDate "2019.07.06"]
[EventType "swiss"]
[EventCountry "POL"]
[SourceTitle "playchess.com"]
[Source "ChessBase"]
[SourceQuality "1"]
[TimeControl "40/5400+30:1800+30"]

1. Nf3 {[%emt 0:00:00]} Nf6 {[%emt 0:00:00]} 2. c4 {[%emt 0:00:00]} e6 {[%emt 0:00:00]} 3. Nc3 {[%emt 0:00:08]} d5 {[%emt 0:00:01]} 4. e3 {[%emt 0:00:19]} Nbd7 {[%emt 0:02:29]} 5. b3 {[%emt 0:01:31]} b6 {[%emt 0:00:06]} 6. Bb2 {[%emt 0:06:29]} Bb7 {[%emt 0:00:24]} 7. cxd5 {[%emt 0:01:47]} exd5 {[%emt 0:00:07]} 8. d4 {[%emt 0:01:08]} Bd6 {[%emt 0:01:17]} 9. g3 {[%emt 0:01:36]} O-O {[%emt 0:01:49]} 10. Bg2 {[%emt 0:00:19]} Re8 {[%emt 0:05:48]} 11. O-O {[%emt 0:00:28]} a6 {[%emt 0:00:01]} 12. Ne2 {[%emt 0:04:35]} Ne4 {[%emt 0:16:19]} 13. Nf4 {[%emt 0:06:00]} Qe7 {[%emt 0:04:45]} 14. Nd3 {[%emt 0:03:33]} Rad8 {[%emt 0:03:24]} 15. Rc1 {[%emt 0:03:21]} f6 {[%emt 0:01:42]} 16. Re1 {[%emt 0:02:07]} Qf7 {[%emt 0:07:54]} 17. Rc2 {[%emt 0:06:25]} Nf8 {[%emt 0:09:26]} 18. Qc1 {[%emt 0:03:15]} Qe7 {[%emt 0:02:57]} 19. Rd1 {[%emt 0:04:14]} Ng6 {[%emt 0:08:26]} 20. Nfe1 {[%emt 0:12:53]} h5 {[%emt 0:01:25]} 21. Re2 {[%emt 0:03:09]} h4 {[%emt 0:02:53]} 22. Nf4 {[%emt 0:04:21]} Nxf4 {[%emt 0:00:20]} 23. exf4 {[%emt 0:00:33]} hxg3 {[%emt 0:02:38]} 24. hxg3 {[%emt 0:00:49]} Qf7 {[%emt 0:03:02]} 25. Nc2 {[%emt 0:03:02]} Re7 {[%emt 0:01:59]} 26. Ne3 {[%emt 0:07:21]} g6 {[%emt 0:01:29]} 27. Nf1 {[%emt 0:00:30]} f5 {[%emt 0:01:18]} 28. Nh2 {[%emt 0:00:27]} Qh7 {[%emt 0:02:37]} 29. Nf3 {[%emt 0:09:39]} Qh5 {[%emt 0:05:35]} 30. Ba3 {[%emt 0:01:58]} c5 {[%emt 0:00:53]} 31. Rde1 {[%emt 0:01:20]} Rde8 {[%emt 0:00:30]} 32. Nh4 {[%emt 0:02:30]} Kh7 {[%emt 0:05:59]} 33. Bb2 {[%emt 0:03:46]} Qg4 {[%emt 0:02:01]} 34. Bf3 {[%emt 0:05:24]} Qh3 {[%emt 0:00:07]} 35. Bg2 {[%emt 0:00:04]} Qg4 {[%emt 0:00:03]} 36. Re3 {[%emt 0:01:35]} Kg8 {[%emt 0:03:01]} 37. Nf3 {[%emt 0:00:13]} Rc8 {[%emt 0:01:06]} 38. Qb1 {[%emt 0:01:04]} c4 {[%emt 0:02:43]} 39. bxc4 {[%emt 0:00:53]} dxc4 {[%emt 0:00:31]} 40. Nh2 {[%emt 0:00:00]} Qh5 {[%emt 0:00:00]} 41. f3 {[%emt 0:14:24]} Nd2 {[%emt 0:15:36]} 42. Qc1 {[%emt 0:05:45]} Rh7 {[%emt 0:00:22]} 43. Qxd2 {[%emt 0:04:33]} Qxh2+ {[%emt 0:00:06]} 44. Kf2 {[%emt 0:00:28]} Bd5 {[%emt 0:03:45]} 45. Re6 {[%emt 0:03:06]} Bxe6 {[%emt 0:02:56]} 46. Rxe6 {[%emt 0:00:05]} c3 {[%emt 0:03:37]} 47. Bxc3 {[%emt 0:00:34]} Rhc7 {[%emt 0:00:37]} 48. Re3 {[%emt 0:01:34]} Qh8 {[%emt 0:04:29]} 49. Qe1 {[%emt 0:02:04]} Kf7 {[%emt 0:01:10]} 50. Qd2 {[%emt 0:03:06]} Qf6 {[%emt 0:01:23]} 51. Qb2 {[%emt 0:00:31]} Kg7 {[%emt 0:00:55]} 52. Qb3 {[%emt 0:00:24]} Qf7 {[%emt 0:00:43]} 53. Qb2 {[%emt 0:00:35]} b5 {[%emt 0:01:06]} 54. a3 {[%emt 0:00:16]} Re7 {[%emt 0:00:41]} 55. d5+ {[%emt 0:00:40]} Kg8 {[%emt 0:00:18]} 56. Be5 {[%emt 0:00:32]} Bxe5 {[%emt 0:01:23]} 57. fxe5 {[%emt 0:00:20]} Qxd5 {[%emt 0:00:13]} 58. f4 {[%emt 0:00:13]} Qc5 {[%emt 0:00:14]} 59. Qb3+ {[%emt 0:00:15]} Kg7 {[%emt 0:00:16]} 60. g4 {[%emt 0:00:19]} Qc2+ {[%emt 0:00:25]} 61. Qxc2 {[%emt 0:00:11]} Rxc2+ {[%emt 0:00:07]} 62. Kg3 {[%emt 0:00:02]} Rec7 {[%emt 0:00:40]} 63. gxf5 {[%emt 0:00:18]} gxf5 {[%emt 0:00:22]} 64. Re1 {[%emt 0:00:07]} R7c3+ {[%emt 0:00:36]} 65. Kh2 {[%emt 0:01:05]} Kf8 {[%emt 0:00:11]} 0-1

[Event "XIX Najdorf Memorial 2019"]
[Site "Warsaw"]
[Date "2019.07.07"]
[Round "2.12"]
[White "Roseneck, Jonas"]
[Black "Harazinska, Magdalena"]
[Result "0-1"]
[WhiteElo "2398"]
[BlackElo "2004"]
[Annotator "NA"]
[PlyCount "64"]
[EventDate "2019.07.06"]
[EventType "swiss"]
[EventCountry "POL"]
[SourceTitle "playchess.com"]
[Source "ChessBase"]
[SourceQuality "1"]
[TimeControl "40/5400+30:1800+30"]

1. e4 {[%emt 0:00:00]} c5 {[%emt 0:00:00]} 2. Nf3 {[%emt 0:00:00]} d6 {[%emt 0:00:00]} 3. d4 {[%emt 0:00:00]} cxd4 {[%emt 0:00:00]} 4. Nxd4 {[%emt 0:00:00]} Nf6 {[%emt 0:00:00]} 5. Nc3 {[%emt 0:00:00]} a6 {[%emt 0:00:00]} 6. f3 {[%emt 0:00:00]} e6 {[%emt 0:00:04]} 7. Be3 {[%emt 0:00:00]} b5 {[%emt 0:00:10]} 8. Qd2 {[%emt 0:00:00]} Bb7 {[%emt 0:00:07]} 9. g4 {[%emt 0:04:03]} Nfd7 {[%emt 0:01:17]} 10. O-O-O {[%emt 0:16:44]} Nb6 {[%emt 0:01:39]} 11. Nb3 {[%emt 0:06:00]} N8d7 {[%emt 0:02:44]} 12. Na5 {[%emt 0:02:27]} Qc7 {[%emt 0:01:29]} 13. a3 {[%emt 0:06:26]} Be7 {[%emt 0:03:59]} 14. g5 {[%emt 0:07:02]} O-O {[%emt 0:04:58]} 15. h4 {[%emt 0:07:27]} Ne5 {[%emt 0:11:32]} 16. Qf2 {[%emt 0:09:44]} Nbc4 {[%emt 0:06:22]} 17. Nxc4 {[%emt 0:03:03]} Nxc4 {[%emt 0:00:43]} 18. Bxc4 {[%emt 0:00:03]} Qxc4 {[%emt 0:00:08]} 19. h5 {[%emt 0:00:26]} a5 {[%emt 0:06:38]} 20. g6 {[%emt 0:06:33]} b4 {[%emt 0:04:03]} 21. Rd4 {[%emt 0:04:28]} Qc6 {[%emt 0:03:54]} 22. axb4 {[%emt 0:00:29]} axb4 {[%emt 0:00:06]} 23. Rxb4 {[%emt 0:00:11]} Ra1+ {[%emt 0:00:38]} 24. Nb1 {[%emt 0:00:01]} d5 {[%emt 0:01:37]} 25. Rb6 {[%emt 0:04:34]} Qc7 26. h6 {[%emt 0:05:05]} fxg6 {[%emt 0:12:52]} 27. hxg7 {[%emt 0:00:01]} Kxg7 {[%emt 0:05:33]} 28. e5 {[%emt 0:07:55]} Rf5 {[%emt 0:07:33]} 29. Rxe6 {[%emt 0:05:45]} d4 {[%emt 0:03:59]} 30. Bxd4 {[%emt 0:03:02]} Bxf3 {[%emt 0:08:04]} 31. Rg1 {[%emt 0:00:44]} Be4 {[%emt 0:02:40]} 32. Qd2 {[%emt 0:00:44]} Bg5 {[%emt 0:01:20]} 0-1

[Event "XIX Najdorf Memorial 2019"]
[Site "Warsaw"]
[Date "2019.07.07"]
[Round "2.12"]
[White "Miroshnichenko, Pavel"]
[Black "Ali Marandi, Cemil Can"]
[Result "1/2-1/2"]
[WhiteElo "2300"]
[BlackElo "2527"]
[Annotator "ChessBase"]
[PlyCount "116"]
[EventDate "2019.07.06"]
[EventType "swiss"]
[EventCountry "POL"]
[SourceTitle "playchess.com"]
[Source "ChessBase"]
[SourceQuality "1"]
[TimeControl "40/5400+30:1800+30"]

1. d4 {[%emt 0:00:00]} d5 {[%emt 0:01:36]} 2. c4 {[%emt 0:00:00]} c6 {[%emt 0:00:47]} 3. Nf3 {[%emt 0:00:00]} Nf6 {[%emt 0:00:07]} 4. Qb3 {[%emt 0:00:08]} e6 {[%emt 0:00:18]} 5. g3 {[%emt 0:00:59]} Be7 {[%emt 0:01:11]} 6. Bg2 {[%emt 0:00:07]} O-O {[%emt 0:01:16]} 7. O-O {[%emt 0:00:08]} b6 {[%emt 0:02:44]} 8. Nc3 {[%emt 0:04:35]} Ba6 {[%emt 0:02:04]} 9. cxd5 {[%emt 0:01:33]} cxd5 {[%emt 0:01:53]} 10. Bf4 {[%emt 0:05:25]} Nc6 {[%emt 0:01:51]} 11. Rfc1 {[%emt 0:05:45]} Rc8 {[%emt 0:01:06]} 12. Qd1 {[%emt 0:04:27]} b5 {[%emt 0:13:24]} 13. Ne5 {[%emt 0:04:05]} Qb6 {[%emt 0:12:58]} 14. e4 {[%emt 0:13:39]} Nxe5 {[%emt 0:10:06]} 15. Bxe5 {[%emt 0:01:42]} b4 {[%emt 0:05:27]} 16. Na4 {[%emt 0:00:26]} Qd8 {[%emt 0:00:20]} 17. Bxf6 {[%emt 0:06:09]} Bxf6 {[%emt 0:00:11]} 18. Nc5 {[%emt 0:12:37]} Bb5 {[%emt 0:00:26]} 19. exd5 {[%emt 0:02:16]} exd5 {[%emt 0:00:24]} 20. Qd2 {[%emt 0:04:41]} a5 {[%emt 0:03:08]} 21. a3 {[%emt 0:00:30]} bxa3 {[%emt 0:02:35]} 22. Rxa3 {[%emt 0:00:16]} Bg5 {[%emt 0:02:12]} 23. f4 {[%emt 0:00:30]} Bf6 {[%emt 0:00:05]} 24. Rd1 {[%emt 0:03:54]} a4 {[%emt 0:01:39]} 25. Bf1 {[%emt 0:05:01]} Qe8 {[%emt 0:16:24]} 26. Bh3 {[%emt 0:04:30]} Rb8 {[%emt 0:01:01]} 27. b3 {[%emt 0:06:47]} axb3 {[%emt 0:02:19]} 28. Rxb3 {[%emt 0:00:13]} Ra8 {[%emt 0:01:37]} 29. Re3 {[%emt 0:04:26]} Qd8 {[%emt 0:00:47]} 30. Rb1 {[%emt 0:00:36]} Bc6 {[%emt 0:00:48]} 31. Reb3 {[%emt 0:02:42]} Re8 {[%emt 0:01:36]} 32. Rb6 {[%emt 0:01:03]} Ra1 {[%emt 0:00:33]} 33. Bf1 {[%emt 0:01:31]} Rxb1 {[%emt 0:00:37]} 34. Rxb1 {[%emt 0:00:02]} h5 {[%emt 0:01:39]} 35. Kf2 {[%emt 0:01:12]} Qa8 {[%emt 0:03:55]} 36. Qb2 {[%emt 0:01:21]} Qa5 {[%emt 0:00:51]} 37. Nd3 {[%emt 0:01:09]} Qa7 {[%emt 0:04:06]} 38. Ne5 {[%emt 0:02:29]} Bxe5 {[%emt 0:01:52]} 39. fxe5 Rxe5 {[%emt 0:00:28]} 40. Qb6 {[%emt 0:00:00]} Qxb6 {[%emt 0:00:00]} 41. Rxb6 {[%emt 0:02:28]} Re6 {[%emt 0:03:21]} 42. Rb8+ {[%emt 0:07:42]} Re8 {[%emt 0:01:15]} 43. Rxe8+ {[%emt 0:02:08]} Bxe8 {[%emt 0:00:02]} 44. Bg2 {[%emt 0:00:08]} Bc6 {[%emt 0:00:06]} 45. Bf3 {[%emt 0:00:12]} g6 {[%emt 0:00:08]} 46. Ke3 {[%emt 0:00:37]} f6 {[%emt 0:00:42]} 47. h4 {[%emt 0:00:15]} Kf7 {[%emt 0:00:19]} 48. Kf4 {[%emt 0:00:46]} Ke6 {[%emt 0:00:42]} 49. Be2 {[%emt 0:01:00]} Be8 {[%emt 0:00:34]} 50. Bd3 {[%emt 0:05:26]} Kd6 {[%emt 0:00:18]} 51. Ke3 {[%emt 0:03:44]} g5 {[%emt 0:00:28]} 52. Bf5 {[%emt 0:00:20]} Bf7 {[%emt 0:00:46]} 53. Kd2 {[%emt 0:00:59]} Kc6 {[%emt 0:02:00]} 54. Kc3 {[%emt 0:00:31]} Kc7 {[%emt 0:00:23]} 55. Kd2 {[%emt 0:00:49]} Kb6 {[%emt 0:00:33]} 56. Kc3 {[%emt 0:00:08]} Kc6 {[%emt 0:00:13]} 57. Kb4 {[%emt 0:03:52]} Kd6 {[%emt 0:00:11]} 58. Kc3 {[%emt 0:00:01]} Kc6 {[%emt 0:01:37]} 1/2-1/2

[Event "XIX Najdorf Memorial 2019"]
[Site "Warsaw"]
[Date "2019.07.07"]
[Round "2.13"]
[White "Sedlak, Nikola"]
[Black "Adamski, Jan"]
[Result "1-0"]
[WhiteElo "2586"]
[BlackElo "2183"]
[Annotator "ChessBase"]
[PlyCount "53"]
[EventDate "2019.07.06"]
[EventType "swiss"]
[EventCountry "POL"]
[SourceTitle "playchess.com"]
[Source "ChessBase"]
[SourceQuality "1"]
[TimeControl "40/5400+30:1800+30"]

1. d4 {[%emt 0:06:47]} Nf6 {[%emt 0:00:52]} 2. Nf3 {[%emt 0:00:16]} e6 {[%emt 0:00:40]} 3. e3 {[%emt 0:00:38]} c5 {[%emt 0:01:46]} 4. Bd3 {[%emt 0:00:28]} b6 {[%emt 0:00:57]} 5. O-O {[%emt 0:00:22]} Be7 {[%emt 0:01:03]} 6. c4 {[%emt 0:02:28]} Bb7 {[%emt 0:01:38]} 7. Nc3 {[%emt 0:00:36]} cxd4 {[%emt 0:02:43]} 8. exd4 {[%emt 0:01:08]} d5 {[%emt 0:00:52]} 9. cxd5 {[%emt 0:00:30]} Nxd5 {[%emt 0:00:14]} 10. Ne5 {[%emt 0:00:34]} O-O {[%emt 0:01:03]} 11. Qg4 {[%emt 0:00:51]} Nf6 {[%emt 0:18:40]} 12. Qh4 {[%emt 0:00:40]} Ne4 {[%emt 0:13:16]} 13. Qh3 {[%emt 0:01:30]} Qxd4 {[%emt 0:02:10]} 14. Bf4 {[%emt 0:00:16]} Nf6 {[%emt 0:05:17]} 15. Ne2 {[%emt 0:00:21]} Qa4 {[%emt 0:12:05]} 16. Rfc1 {[%emt 0:06:41]} Na6 {[%emt 0:09:45]} 17. Rc4 {[%emt 0:02:38]} Qe8 {[%emt 0:02:20]} 18. Ng4 {[%emt 0:12:15]} g6 {[%emt 0:02:54]} 19. Nh6+ {[%emt 0:02:47]} Kh8 {[%emt 0:08:03]} 20. Be5 {[%emt 0:00:53]} Nc5 {[%emt 0:00:36]} 21. Rxc5 {[%emt 0:06:12]} bxc5 {[%emt 0:00:57]} 22. Ng4 {[%emt 0:02:10]} Qd8 {[%emt 0:01:16]} 23. Qh4 {[%emt 0:14:23]} Kg7 {[%emt 0:02:04]} 24. Nf4 {[%emt 0:01:02]} Rh8 {[%emt 0:05:52]} 25. Nh5+ {[%emt 0:01:04]} gxh5 {[%emt 0:00:16]} 26. Qg5+ {[%emt 0:00:12]} Kf8 {[%emt 0:00:07]} 27. Qh6+ 1-0

[Event "XIX Najdorf Memorial 2019"]
[Site "Warsaw"]
[Date "2019.07.07"]
[Round "2.13"]
[White "Shyam, Sundar M."]
[Black "Zylka, Stanislaw"]
[Result "1/2-1/2"]
[WhiteElo "2520"]
[BlackElo "2308"]
[Annotator "ChessBase"]
[PlyCount "153"]
[EventDate "2019.07.06"]
[EventType "swiss"]
[EventCountry "POL"]
[SourceTitle "playchess.com"]
[Source "ChessBase"]
[SourceQuality "1"]
[TimeControl "40/5400+30:1800+30"]

1. d4 {[%emt 0:00:00]} Nf6 {[%emt 0:00:00]} 2. Nf3 {[%emt 0:00:00]} g6 {[%emt 0:00:00]} 3. g3 {[%emt 0:00:00]} Bg7 {[%emt 0:00:00]} 4. Bg2 {[%emt 0:00:00]} O-O {[%emt 0:00:11]} 5. O-O {[%emt 0:00:07]} d5 {[%emt 0:00:04]} 6. c4 {[%emt 0:00:11]} dxc4 {[%emt 0:00:30]} 7. Na3 {[%emt 0:00:07]} c5 {[%emt 0:00:19]} 8. dxc5 {[%emt 0:00:22]} c3 {[%emt 0:00:11]} 9. Nb5 {[%emt 0:00:18]} Na6 {[%emt 0:00:46]} 10. Nxc3 {[%emt 0:00:08]} Nxc5 {[%emt 0:00:23]} 11. Be3 {[%emt 0:00:06]} Nfe4 {[%emt 0:01:53]} 12. Nxe4 {[%emt 0:00:11]} Nxe4 {[%emt 0:00:52]} 13. Bd4 {[%emt 0:00:06]} Bxd4 {[%emt 0:02:12]} 14. Qxd4 {[%emt 0:00:06]} Qxd4 {[%emt 0:00:09]} 15. Nxd4 {[%emt 0:00:04]} Nd6 {[%emt 0:00:11]} 16. Rac1 {[%emt 0:00:16]} Bd7 {[%emt 0:03:58]} 17. Rc7 {[%emt 0:13:31]} Rfd8 {[%emt 0:00:13]} 18. f4 {[%emt 0:00:18]} Rac8 {[%emt 0:03:46]} 19. Rfc1 {[%emt 0:01:08]} Kf8 {[%emt 0:00:59]} 20. R1c3 {[%emt 0:16:57]} Rxc7 {[%emt 0:20:58]} 21. Rxc7 {[%emt 0:00:03]} Bg4 {[%emt 0:04:08]} 22. Kf2 {[%emt 0:13:53]} Rc8 {[%emt 0:07:35]} 23. Rxc8+ {[%emt 0:00:06]} Bxc8 {[%emt 0:00:09]} 24. b3 {[%emt 0:00:02]} Bd7 {[%emt 0:16:07]} 25. e4 {[%emt 0:30:11]} Nb5 {[%emt 0:00:07]} 26. Nxb5 {[%emt 0:00:03]} Bxb5 {[%emt 0:00:06]} 27. e5 {[%emt 0:00:02]} b6 {[%emt 0:00:38]} 28. Ke3 {[%emt 0:00:04]} Ke8 {[%emt 0:09:21]} 29. Kd4 {[%emt 0:09:41]} Kd7 {[%emt 0:01:29]} 30. h4 {[%emt 0:04:36]} Be2 {[%emt 0:03:57]} 31. Be4 {[%emt 0:03:08]} e6 {[%emt 0:02:56]} 32. Ke3 {[%emt 0:01:17]} Bg4 {[%emt 0:04:12]} 33. b4 {[%emt 0:00:05]} h5 {[%emt 0:01:30]} 34. Kd4 {[%emt 0:03:20]} Be2 {[%emt 0:00:43]} 35. a4 {[%emt 0:01:11]} Bd1 {[%emt 0:00:52]} 36. a5 {[%emt 0:00:04]} Be2 {[%emt 0:00:33]} 37. Bg2 {[%emt 0:01:03]} Kc7 {[%emt 0:00:38]} 38. Be4 {[%emt 0:00:31]} Kd7 {[%emt 0:00:09]} 39. Ke3 {[%emt 0:00:52]} Bb5 {[%emt 0:00:31]} 40. Bf3 {[%emt 0:00:00]} Bf1 {[%emt 0:00:00]} 41. Kd4 {[%emt 0:08:37]} Bb5 {[%emt 0:02:31]} 42. axb6 {[%emt 0:02:03]} axb6 {[%emt 0:00:07]} 43. Bd1 {[%emt 0:00:06]} Ke7 {[%emt 0:03:00]} 44. Bb3 {[%emt 0:00:22]} Be2 {[%emt 0:00:42]} 45. Bc4 {[%emt 0:00:54]} Bf3 {[%emt 0:00:45]} 46. Bd3 {[%emt 0:00:37]} Bb7 {[%emt 0:00:58]} 47. Be2 {[%emt 0:00:07]} Kd8 {[%emt 0:00:42]} 48. Bd1 {[%emt 0:01:11]} Ke7 {[%emt 0:00:28]} 49. Be2 {[%emt 0:00:35]} Kd8 {[%emt 0:00:08]} 50. g4 {[%emt 0:00:17]} hxg4 51. Bxg4 {[%emt 0:00:01]} Ke7 {[%emt 0:00:46]} 52. Be2 {[%emt 0:00:41]} Kd8 {[%emt 0:00:26]} 53. Ke3 {[%emt 0:01:45]} Kd7 {[%emt 0:02:20]} 54. Kf2 {[%emt 0:01:17]} Be4 {[%emt 0:01:40]} 55. Kg3 {[%emt 0:01:57]} Bf5 {[%emt 0:04:47]} 56. Bb5+ {[%emt 0:00:03]} Kd8 {[%emt 0:00:41]} 57. Bc6 {[%emt 0:00:22]} Ke7 {[%emt 0:00:21]} 58. Kf3 {[%emt 0:00:09]} Bd3 {[%emt 0:03:07]} 59. Kg4 {[%emt 0:00:10]} Kf8 {[%emt 0:00:12]} 60. Kg5 {[%emt 0:00:10]} Kg7 {[%emt 0:00:11]} 61. Bf3 {[%emt 0:00:32]} Bc2 {[%emt 0:01:47]} 62. h5 {[%emt 0:00:29]} gxh5 {[%emt 0:00:07]} 63. Bxh5 {[%emt 0:00:03]} Bd3 {[%emt 0:01:53]} 64. Bf3 {[%emt 0:00:06]} Bc2 {[%emt 0:00:21]} 65. Bg4 {[%emt 0:00:18]} Bd3 {[%emt 0:00:29]} 66. f5 {[%emt 0:00:42]} exf5 {[%emt 0:00:48]} 67. Bxf5 {[%emt 0:00:02]} Bc4 {[%emt 0:00:12]} 68. Bd7 {[%emt 0:00:17]} Bb3 {[%emt 0:00:48]} 69. Kf5 {[%emt 0:01:42]} Bc2+ {[%emt 0:00:12]} 70. Kf4 {[%emt 0:00:06]} Kf8 {[%emt 0:00:21]} 71. Ke3 {[%emt 0:00:41]} Ke7 {[%emt 0:00:06]} 72. Bg4 {[%emt 0:00:05]} f6 {[%emt 0:02:02]} 73. exf6+ {[%emt 0:00:20]} Kxf6 {[%emt 0:00:02]} 74. Kd4 {[%emt 0:00:01]} Ke7 {[%emt 0:00:23]} 75. Kd5 {[%emt 0:00:20]} Ba4 {[%emt 0:00:10]} 76. Bh3 {[%emt 0:00:27]} Bb5 {[%emt 0:00:10]} 77. Bg4 {[%emt 0:00:08]} 1/2-1/2